MARC details
| 000 -LEADER |
| campo de control de longitud fija |
06138cam a2200469 i 4500 |
| 001 - NÚMERO DE CONTROL |
| campo de control |
22099350 |
| 003 - IDENTIFICADOR DE NÚMERO DE CONTROL |
| campo de control |
BJBSDDR |
| 005 - FECHA Y HORA DE LA ÚLTIMA TRANSACCIÓN |
| campo de control |
20240718130144.0 |
| 007 - CAMPO FIJO DE DESCRIPCIÓN FÍSICA--INFORMACIÓN GENERAL |
| campo de control de longitud fija |
ta |
| 008 - DATOS DE LONGITUD FIJA--INFORMACIÓN GENERAL |
| campo de control de longitud fija |
210624s2022 nyua b 001 0 eng |
| 010 ## - NÚMERO DE CONTROL DE LA BIBLIOTECA DEL CONGRESO |
| Número de control de LC |
2021020183 |
| 020 ## - NÚMERO INTERNACIONAL ESTÁNDAR DEL LIBRO |
| Número Internacional Estándar del Libro |
9780231201513 (trade paperback) |
| 020 ## - NÚMERO INTERNACIONAL ESTÁNDAR DEL LIBRO |
| Número Internacional Estándar del Libro |
0231201516 (trade paperback) |
| 040 ## - FUENTE DE CATALOGACIÓN |
| Centro catalogador/agencia de origen |
DLC |
| Lengua de catalogación |
eng |
| Normas de descripción |
rda |
| Centro/agencia transcriptor |
DLC |
| Centro/agencia modificador |
DLC |
| 041 ## - CÓDIGO DE IDIOMA |
| Código de lengua del texto/banda sonora o título independiente |
eng |
| 042 ## - CÓDIGO DE AUTENTICACIÓN |
| Código de autenticación |
pcc |
| 043 ## - CÓDIGO DE ÁREA GEOGRÁFICA |
| Código de área geográfica |
n-us--- |
| 050 14 - SIGNATURA TOPOGRÁFICA DE LA BIBLIOTECA DEL CONGRESO |
| Número de clasificación |
NA 6845 |
| Número de ítem |
M527h 2022 |
| 082 00 - NÚMERO DE LA CLASIFICACIÓN DECIMAL DEWEY |
| Número de clasificación |
725.823 |
| 100 1# - ENTRADA PRINCIPAL--NOMBRE DE PERSONA |
| Nombre de persona |
Melnick, Ross, |
| Fechas asociadas al nombre |
1975- |
| 9 (RLIN) |
37276 |
| 245 10 - MENCIÓN DEL TÍTULO |
| Título |
Hollywood's embassies : |
| Resto del título |
how movie theaters projected American power around the world / |
| Mención de responsabilidad, etc. |
Ross Melnick. |
| 264 #1 - PRODUCCIÓN, PUBLICACIÓN, DISTRIBUCIÓN, FABRICACIÓN Y COPYRIGHT |
| Producción, publicación, distribución, fabricación y copyright |
New York, NY : |
| Nombre del de productor, editor, distribuidor, fabricante |
Columbia University Press, |
| Fecha de producción, publicación, distribución, fabricación o copyright |
2022. |
| 300 ## - DESCRIPCIÓN FÍSICA |
| Extensión |
xv, 503 pages : |
| Otras características físicas |
illustrations ; |
| Dimensiones |
24 cm. |
| 336 ## - TIPO DE CONTENIDO |
| Término de tipo de contenido |
text |
| Código de tipo de contenido |
txt |
| Fuente |
rdacontent |
| 336 ## - TIPO DE CONTENIDO |
| Término de tipo de contenido |
still image |
| Código de tipo de contenido |
sti |
| Fuente |
rdacontent |
| 337 ## - TIPO DE MEDIO |
| Nombre/término del tipo de medio |
unmediated |
| Código del tipo de medio |
n |
| Fuente |
rdamedia |
| 338 ## - TIPO DE SOPORTE |
| Nombre/término del tipo de soporte |
volume |
| Código del tipo de soporte |
nc |
| Fuente |
rdacarrier |
| 490 0# - MENCIÓN DE SERIE |
| Mención de serie |
Film and culture |
| 504 ## - NOTA DE BIBLIOGRAFÍA, ETC. |
| Nota de bibliografía, etc. |
Includes bibliographical references and index. |
| 505 0# - NOTA DE CONTENIDO CON FORMATO |
| Nota de contenido con formato |
Introduction: "Shop Windows," "Cultural Embassies," and Hollywood's Global Exhibition<br/>Part 1. Europe. When Expansion Was Paramount (1923-1993): "Shop Window" Cinemas and the European Expansion of U.S. Film Exhibitors<br/>1. Hollywood's British Invasion and the Battle of Birmingham, 1919-1929<br/>2. Hollywood's European Adventure, 1925-1941<br/>3. A New Battleground: U.S. Exhibitors Under Nazi Occupation, 1941-1945<br/>4. Postwar Europe and the Legacy of Hollywood Cinemas, 1945-1993<br/>Part 2. Australasia. Banking on Australasia (1930-1982): Global Banks and U.S. Cinema Ownership in Australia and New Zealand<br/>5. Fox Chases Hoyts: U.S. Cinema Ownership in Australia, 1930-1936<br/>6. The Fox Chase in New Zealand and Australia, 1936-1946<br/>7. Hollywood and Australasian Cinemas, 1946-1982<br/>Part 3: Latin America and the Caribbean. Hollywood in Cinelandia (1927-1973): U.S. Cinemas and Local Politics in Latin America and the Caribbean<br/>8. Cine Metros y Cine Paramounts, 1926-1941: MGM and Paramount's Latin American Shop Window Cinemas<br/>9. Prop(aganda) Window Cinemas, 1933-1945: Ufa, Hollywood, and the Battle for Hearts and Minds Through South American Cinemas Durgaing World War II<br/>10. Hollywood Cinema Expansion in Postwar South America, 1945-1973<br/>11. Caribbean Dreams, 1929-1973: Hollywood Cinemas in Cuba, Jamaica, Puerto Rico, and Trinidad<br/>Part 4. Middle East. Hollywood's Muddle East (1925-1982): Political Change in Egypt and Israel and the Consequences for Hollywood's Middle Eastern Cinemas<br/>12. Buildings, Ballyhoo, and Boycotts in Egypt, 1925-1947: Alternating Realities at Hollywood's Egyptian Cinemas<br/>13. No Meeting in the Middle, 1947-1956: Hollywood Cinemas, Egyptian Revolution, and Israeli Independence<br/>14. After the Revolution, 1957-1982: Twentieth Century-Fox, Egypt, and Israel<br/>Part 5. Africa. An "Unhappy Image of the United States Before an African Population" (1932-1975): Race, Industry, and Rebellion at Hollywood's African Cinemas<br/>15. MGM and the "Uncrowned King of South Africa," 1932-1937: Hollywood Shop Window Cinemas in a Bitterly Protected Market<br/>16. Fox Hunting on the African Continent, 1937-1956: Twentieth Century-Fox and the Struggle for Control of African Cinemas<br/>17. A "Royal" Mess: Racial Strife in Colonial Zimbabwe, the Struggle for Independence in Postcolonial Kenya, and the End of Hollywood's Control of South African Cinemas, 1959-1975<br/>Part 6. Asia. Eastern Promises (1927-2013): Hollywood's Cinemas in China, India, Japan, and the Philippines<br/>18. Benshi and Ballyhoo, 1927-1973: Hollywood's Shop Window Cinemas in Japan and the Philippines<br/>19. Joining the Global Metro Cub Club, 1936-1973: MGM and Fox's Shop Window Cinemas in India<br/>20. China as Hollywood's Final Frontier, 1946-2013: Hollywood's Chinese Cinemas and the End of Hollywood's Exhibition Empires<br/>Epilogue: Global Exhibition Flows in Reverse Before the Pandemic, 2013-2019 |
| 520 ## - RESUMEN, ETC. |
| Sumario, etc. |
"Beginning in the 1920s, audiences around the globe were seduced not only by Hollywood films but also by lavish movie theaters that were owned and operated by the major American film companies. These theaters aimed to provide a quintessentially "American" experience. Outfitted with American technology and accoutrements, they allowed local audiences to watch American films in an American-owned cinema in a distinctly American way. In a history that stretches from Buenos Aires and Tokyo to Johannesburg and Cairo, Ross Melnick considers these movie houses as cultural embassies. He examines how the exhibition of Hollywood films became a constant flow of political and consumerist messaging, selling American ideas, products, and power, especially during fractious eras. Melnick demonstrates that while Hollywood's marketing of luxury and consumption often struck a chord with local audiences, it was also frequently tone-deaf to new social, cultural, racial, and political movements. He argues that the story of Hollywood's global cinemas is not a simple narrative of cultural and industrial indoctrination and colonization. Instead, it is one of negotiation, booms and busts, successes and failures, adoptions and rejections, and a precursor to later conflicts over the spread of American consumer culture. A truly global account, Hollywood's Embassies shows how the entanglement of worldwide movie theaters with American empire offers a new way of understanding film history and the history of U.S. soft power"-- |
| Fuente proveedora |
Provided by publisher. |
| 650 #0 - PUNTO DE ACCESO ADICIONAL DE MATERIA--TÉRMINO DE MATERIA |
| Término de materia o nombre geográfico como elemento de entrada |
Motion picture theaters |
| Subdivisión general |
Political aspects. |
| 650 #4 - PUNTO DE ACCESO ADICIONAL DE MATERIA--TÉRMINO DE MATERIA |
| Término de materia o nombre geográfico como elemento de entrada |
Salas de cine |
| 9 (RLIN) |
13087 |
| 650 #0 - PUNTO DE ACCESO ADICIONAL DE MATERIA--TÉRMINO DE MATERIA |
| Término de materia o nombre geográfico como elemento de entrada |
Civilization |
| Subdivisión general |
American influences. |
| 650 #4 - PUNTO DE ACCESO ADICIONAL DE MATERIA--TÉRMINO DE MATERIA |
| Término de materia o nombre geográfico como elemento de entrada |
Civilización |
| Subdivisión general |
Influencias americanas |
| 9 (RLIN) |
37352 |
| 651 #4 - PUNTO DE ACCESO ADICIONAL DE MATERIA--NOMBRE GEOGRÁFICO |
| Nombre geográfico |
Estados Unidos |
| Subdivisión general |
Relaciones exteriores |
| 9 (RLIN) |
73 |
| 776 08 - ENTRADA DE FORMULARIO FÍSICO ADICIONAL |
| Información de relación |
Online version: |
| Encabezamiento principal |
Melnick, Ross. |
| Título |
Hollywood's embassies |
| Lugar, editor y fecha de publicación |
New York : Columbia University Press, [2022] |
| Número Internacional Estándar del Libro |
9780231554138 |
| Número de control del registro |
(DLC) 2021020184 |
| 830 #0 - PUNTO DE ACCESO ADICIONAL DE SERIE-TÍTULO UNIFORME |
| Título uniforme |
Film and culture series |
| 9 (RLIN) |
23578 |
| 906 ## - ELEMENTOS DE DATOS F LOCAL, LDF (RLIN) |
| a |
7 |
| b |
cip |
| c |
orignew |
| d |
1 |
| e |
ecip |
| f |
20 |
| g |
y-gencatlg |
| 942 ## - ELEMENTOS DE ENTRADA SECUNDARIOS (KOHA) |
| Fuente del sistema de clasificación o colocación |
Clasificación de Library of Congress |
| Tipo de ítem Koha |
Libro |